| 000 | 00524nam a2200193Ia 4500 | ||
|---|---|---|---|
| 005 | 20221117094555.0 | ||
| 008 | 131103s9999 xx 000 0 und d | ||
| 040 | _aLoreto College | ||
| 041 | _aEnglish | ||
| 082 |
_a821.7 _bSHE-RAI |
||
| 100 | _aRaine,Kathleen | ||
| 245 |
_aPoems _b Percy Bysshe Shelley _cKathleen Raine |
||
| 260 |
_aHarmondsworth _bPenguin Books _c[19 -] |
||
| 300 | _a380 p. | ||
| 650 | _aEnglish Poetry | ||
| 651 | _aShelley,Percy Bysshe - Poems - Collections | ||
| 850 | _aLCLIB | ||
| 942 | _cBK | ||
| 999 |
_c5784 _d56263 |
||